All 5k+ cities in Utah on a map - Statistics

General Stats
  • This quiz has been taken 19 times
  • The average score is 32 of 93
Answers on the Map
Answers color-coded by a green-red scale on the quiz's map according to % correct below.
 
Answer Stats
City Population % Correct
Provo 114,303
100%
Salt Lake City 203,888
100%
Logan 53,923
88%
Ogden 86,973
88%
Orem 97,048
88%
St. George 99,184
88%
West Valley City 137,955
88%
Lehi 81,039
81%
West Jordan 116,277
81%
South Jordan 80,331
69%
Moab 5,316
63%
Park City 8,365
63%
Sandy 94,723
63%
Spanish Fork 43,632
63%
American Fork 35,312
56%
Brigham City 19,796
56%
Cedar City 37,202
56%
Draper 50,159
56%
Layton 82,512
56%
Eagle Mountain 49,514
44%
Heber City 17,438
44%
North Salt Lake 23,239
44%
South Salt Lake 26,277
44%
Tooele 37,265
44%
Vernal 10,254
44%
Washington 30,686
44%
Bountiful 45,093
38%
Farmington 24,934
38%
Herriman 57,336
38%
Hurricane 21,677
38%
Payson 22,205
38%
Pleasant Grove 37,544
38%
Alpine 10,272
31%
Cottonwood Heights 32,984
31%
Kaysville 32,861
31%
Murray 49,904
31%
Nephi 6,700
31%
North Logan 11,228
31%
Richfield 8,173
31%
Taylorsville 59,010
31%
Tremonton 10,886
31%
Bluffdale 18,168
25%
Highland 19,625
25%
Magna 29,488
25%
North Ogden 21,473
25%
Price 8,216
25%
Roosevelt 6,960
25%
Roy 39,021
25%
Santa Clara 7,891
25%
Santaquin 15,391
25%
Saratoga Springs 44,070
25%
South Ogden 17,563
25%
South Weber 8,037
25%
Springville 35,474
25%
Syracuse 34,009
25%
Vineyard 13,510
25%
Washington Terrace 9,196
25%
Cedar Hills 9,945
19%
Clearfield 32,895
19%
Clinton 23,492
19%
Enoch 7,856
19%
Farr West 7,881
19%
Grantsville 13,637
19%
Holladay 31,236
19%
Hyrum 10,022
19%
Ivins 9,524
19%
Kearns 37,058
19%
Lindon 11,594
19%
Mapleton 12,340
19%
Midway 6,110
19%
Millcreek 63,342
19%
Riverton 44,944
19%
Salem 9,893
19%
Smithfield 14,033
19%
Sunset 5,567
19%
West Point 11,559
19%
Woods Cross 11,490
19%
Centerville 16,692
13%
Ephraim 5,805
13%
Fruit Heights 6,036
13%
Harrisville 6,919
13%
Hooper 9,220
13%
Hyde Park 5,410
13%
Midvale 35,736
13%
Nibley 7,651
13%
Plain City 8,101
13%
Pleasant View 11,104
13%
Providence 8,675
13%
West Bountiful 5,920
13%
White City 5,568
13%
Perry 5,708
6%
River Heights 9,294
6%
West Haven 19,977
6%
No matching quizzes found
Score Distribution
Percent of People with Each Score
Percentile by Number Answered
Your Score History
You have not taken this quiz